00791nam a22002057a 4500999001900000005001700019010001500036020003000051035001400081037001300095082001200108100001500120245009000135250000900225260005400234270008000288300006900368942002600437952012200463 c182528d18252820220216115616.0 aENG-130112 a978-93-528-0820-5c395.00 aEN-113644 bDBAD/PUB a381.142 aTitus, Ray aRound the Clock:bHow a 24x7 Digital Marketplace Is Transforming Business/cRay Titus a2019 aNew DelhibSage Publications India Pvt Ltd c2019 aB1/I-1 Mohan Cooperative Industrial Area, Mathura Road bNew Delhie110044 axiv, 179p.c22cm (pbk)bEpilogue, Bibliography, About the Author 2ddccENh381.142mTIT 001040708NFICaAVbAVd2021-11-18eDBAD/PUBg395.00l0o381.142 TITpEN-113644r2021-11-18 00:00:00t1v395.00yEN